|
|
|
|
| LEADER |
00910nam a2200241 a 4500 |
| 001 |
c000167274 |
| 003 |
CARM |
| 005 |
20030723152419.0 |
| 008 |
820319s1965 uk b 000 0 eng d |
| 019 |
1 |
|
|a 2690529
|z 42740384
|z 27095115
|5 LACONCORD2021
|
| 035 |
|
|
|a (OCoLC)4424625
|5 LACONCORD2021
|
| 040 |
|
|
|a QUT
|b eng
|c QUT
|
| 082 |
0 |
4 |
|a 658.007
|
| 100 |
1 |
|
|a Mosson, Thomas Michael.
|
| 245 |
1 |
0 |
|a Management education in five European countries /
|c by T.R. Mosson.
|
| 260 |
|
|
|a London :
|b Business Publishers,
|c 1965.
|
| 300 |
|
|
|a x, 234 p. ;
|c 22 cm.
|
| 490 |
0 |
|
|a A business book
|
| 504 |
|
|
|a Bibliography: p. 217-223.
|
| 650 |
|
0 |
|a Industrial management
|x Study and teaching.
|
| 852 |
8 |
|
|b CARM
|h A2:AJ10B0
|i B05242
|p 0232057
|f BK
|
| 999 |
f |
f |
|i 7ab2ef62-6503-5fb3-b0bc-364111f82551
|s 620173f8-1b4b-5fe1-a238-84bb12c02a16
|
| 952 |
f |
f |
|p Can circulate
|a CAVAL
|b CAVAL
|c CAVAL
|d CARM 1 Store
|e B05242
|f A2:AJ10B0
|h Other scheme
|i book
|m 0232057
|